Automatización de la planta de tratamiento de aguas residuales en Panasonic de Costa Rica S.A
Salvato in:
| Autore principale: | |
|---|---|
| Natura: | Libro |
| Pubblicazione: |
San José, C.R.
1999
|
| Soggetti: | |
| Tags: |
Aggiungi Tag
Nessun Tag, puoi essere il primo ad aggiungerne!!
|
MARC
| LEADER | 00000nam a2200000Ia 4500 | ||
|---|---|---|---|
| 003 | 010104 | ||
| 005 | 20221231144210.0 | ||
| 008 | 140114s1999 cr a m 000 ||s d | ||
| 040 | |c cru CEDI | ||
| 090 | |a TFG 4115 | ||
| 100 | |a Cabezas Álvarez, José |9 8254 | ||
| 245 | |a Automatización de la planta de tratamiento de aguas residuales en Panasonic de Costa Rica S.A | ||
| 260 | |c 1999 |a San José, C.R. | ||
| 300 | |a ix, 59 hojas : ilustraciones a color | ||
| 500 | |a Proyecto de graduación (bachillerato en ingeniería eléctrica)--Universidad de Costa Rica. Facultad de Ingeniería. Escuela de Ingeniería Eléctrica, | ||
| 650 | |x CONTROL AUTOMATICO |x AGUAS RESIDUALES |x PURIFICACION DE AGUAS RESIDUALES |9 8255 | ||
| 942 | |c TFG | ||
| 999 | |c 18318 |d 18318 | ||
